000 00443nab a2200145Ia 4500
003 ES-SlBCS
005 20210601133912.0
008 140529s1993 xxu||||| |||| 00| 0 por d
041 _apor
100 1 _aMiranda, M. G.
_9210928
245 0 0 _aEducaçao. Pedagogia e Metafísica em Delfim Santos
_c M. G. Miranda
650 0 4 _aEducación
_986687
773 0 _tRevista Portuguesa de Filosofia
_gvol. 49, 1993, págs. 149-169
_wRev379
942 _cAR
999 _c603949
_d603949